000 00634nam a2200265Ia 4500
005 20260121170703.0
008 008 260114s9999 xx 000 0 eng d
020 _a9781137507228
037 _aEBOOK
040 _aCRL
040 _beng
040 _cCRL
041 _2eng
041 _aeng
084 _qCRL
100 _aJames Murphy
_91066931
245 4 _aThe Discursive Construction of Blame
260 _bSpringer
260 _bSpringer
260 _c2019
856 _uhttps://link.springer.com/openurl?genre=book&isbn=978-1-137-50722-8
942 _cEBOOK
999 _c1632661
_d1632661